Les clubs Français en Coupe d'Europe 2022/2023 - Statistiques

Statistiques générales
  • Ce quiz a été pris 1 493 fois
  • Le résultat moyen est 5 sur 6
Statistiques - réponses
Compétition Club % Correct
Ligue des Champions PSG
100%
Ligue des Champions OM
99%
Ligue Europa Monaco
84%
Ligue Europa Rennes
83%
Conférence League Nice
77%
Ligue Europa Nantes
60%
Aucun quiz correspondant
Distribution des résultats
% des personnes avec chaque résultat
Percentile par nombre de réponses
Votre historique - résultats
Vous n’avez pas pris ce quiz